000 00425nam a2200109Ia 4500
008 171204s9999 xx 000 0 und d
245 _aRomania's Abandoned Children: Deprivation, Brain Development, And The Struggle For Recovery
245 _cCharles A. Nelson and Nathan A. Fox
260 _c2014
650 _xSPED 4-5 Observational Child Study
856 _uhttp://down.ebook777.com/026/RomAbaChiDepBraDevAndTheStrForRec.pdf
999 _c346600
_d346600